000 00408nam a2200133Ia 4500
008 231129s2017||||xx |||||||||||||| ||spa||
020 _a978-958-65189-4-7
040 _bspa
082 _aA861.08 B846b
245 0 _aBreve tratado del viento sur : antologí­a poética de Patagonia Argentina
260 _c2017
264 _aBogotá Colombia : Escarabajo
942 _2ddc
_cBKS
999 _c6342
_d6342